Detalles MARC
| 000 -LIDER |
| fixed length control field |
01221nam a22003737a 4500 |
| 001 - NÚMERO DE CONTROL |
| Identificador de número de control |
5615197 |
| 003 - IDENTIFICACDOR DE NÚMERO DE CONTROL |
| control field |
DO-SdBNP |
| 005 - DATE AND TIME OF LATEST TRANSACTION |
| control field |
20171117130805.0 |
| 007 - CAMPOS FIJOS DE DESCRIPCIÓN FÍSICA |
| fixed length control field |
5615197 |
| 008 - ELEMENTOS DE LONGITUD FIJA |
| fixed length control field |
150512s1999 sp | |||| 000 f spa |
| 020 ## - ISBN |
| International Standard Book Number |
8481301760 |
| 040 ## - FUENTE DE CATALOGACIÓN |
| Agencia que crea de manera original el registro |
BPMSU |
| Idioma de catalogación |
spa |
| Agencia que realiza la transcripción |
BPMSU |
| 082 #4 - NÚMERO DE CLASIFICACIÓN DECIMAL DE DEWEY |
| Classification number |
823.912 |
| Item number |
G799t |
| 100 1# - ASIENTO PRINCIPAL -- NOMBRE PERSONAL |
| Nombre personal |
Greene, Graham |
| Fechas asociadas con el nombre |
1904-1991 |
| 240 14 - TITULO UNIFORME |
| Título uniforme |
The third man |
| Idioma de una obra |
Español |
| 245 13 - MENCIÓN DE TITULO |
| Título |
El tercer hombre / |
| Mención de responsabilidad |
Graham Greene ; traducción de Barbara McShane y Javier Alfaya ; prólogo de Manuel Vázquez Montalbán |
| 260 ## - PUBLICACIÓN, DISTRIBUCIÓN, ETC. (PIE DE IMPRENTA) |
| Lugar de publicación, distribución, etc |
Madrid : |
| Nombre del editor, distribuidor, etc. |
Milenium |
| Fecha de publicación, distribución, etc |
1999 |
| 300 ## - DESCRIPCIÓN FÍSICA |
| Extensión |
124 p. : |
| Dimensiones |
21 cm. |
| 336 ## - CONTENT TYPE |
| Content type term |
Texto (visual) |
| Source |
isbdcontent |
| 337 ## - MEDIA TYPE |
| Media type term |
sin mediación |
| Source |
isbdmedia |
| 490 0# - MENCIÓN DE SERIES |
| Mención de serie |
Millenium. Las 100 joyas del milenio |
| Volume/sequential designation |
59 |
| 490 0# - MENCIÓN DE SERIES |
| Mención de serie |
Biblioteca El Mundo |
| 650 ## - ENCABEZAMIENTO DE MATERIA--TEMÁTICO |
| Término temático o nombre geográfico como elemento de entrada |
NOVELA POLICÍACA INGLESA |
| 650 ## - ENCABEZAMIENTO DE MATERIA--TEMÁTICO |
| Término temático o nombre geográfico como elemento de entrada |
NOVELA INGLESA |
| 700 1# - ASIENTO SECUNDARIO -- NOMBRE PERSONAL |
| Nombre personal |
McShane, Barbara |
| Mención de responsabilidad |
tr. |
| 700 1# - ASIENTO SECUNDARIO -- NOMBRE PERSONAL |
| Nombre personal |
Alfaya, Javier |
| Fechas asociadas con el nombre |
1939- |
| Mención de responsabilidad |
tr. |
| 700 1# - ASIENTO SECUNDARIO -- NOMBRE PERSONAL |
| Nombre personal |
Vázquez Montalbán, Manuel |
| Mención de responsabilidad |
prol. |
| 830 ## - ASIENTO SECUNDARIO DE SERIE--TÍTULO UNIFORME |
| Nombre de la parte o sección de una obra |
Millenium. Las 100 joyas del milenio |
| Volume number/sequential designation |
59 |
| 910 ## - VALIDACIÓN |
| Validación |
Validado/MFF |
| 942 ## - ADDED ENTRY ELEMENTS (KOHA) |
| Source of classification or shelving scheme |
Dewey Decimal Classification |
| Koha item type |
Libros |
| 945 ## - INFORMACIÓN DE PROCESAMIENTO LOCAL |
| Información de procesamiento local |
Inventariado, 2017/MFF |
| 956 ## - LOCAL ELECTRONIC LOCATION AND ACCESS (OCLC) |
| Nombre de host |
VMATEO |
| Método de acceso |
10 |
| Materiales especificados |
20151113 |
| Enlace |
BPMSU |
| Campo enlazado y núm. de secuencia |
00151 |
| 956 ## - LOCAL ELECTRONIC LOCATION AND ACCESS (OCLC) |
| Nombre de host |
Validado. Control de calidad MFF |